Esbós per a un curs de pedagogia / Johann Friedrich Herbart ; traducció de Josep M. Bordas, revisada per Jaume Tió ; pròleg d'Antoni J. Colom i Cañellas
Descripción Física:
LVII, 219 p. ; 20 cm
Colección:
Textos pedagògics ; 11
Materias:
Pedagogia
MARC
| LEADER | 00000nam a2200000Ia 4500 | ||
|---|---|---|---|
| 001 | 7561 | ||
| 008 | 160829s1987 xx 000 0 cat d | ||
| 080 | |a E-1-130 | ||
| 100 | |a Herbart, Johann Friedrich |9 35396 | ||
| 245 | |a Esbós per a un curs de pedagogia / Johann Friedrich Herbart ; traducció de Josep M. Bordas, revisada per Jaume Tió ; pròleg d'Antoni J. Colom i Cañellas | ||
| 260 | |a Vic : |b Eumo ; Barcelona : |b Diputació, |c 1987 | ||
| 300 | |a LVII, 219 p. ; |c 20 cm | ||
| 490 | |a Textos pedagògics ; 11 | ||
| 650 | |a Pedagogia |9 35391 | ||
| 700 | 1 | |a Bordas, Josep M. |e traductor |9 35397 | |
| 700 | 1 | |a Tió, Jaume, |d 1950- |e editor |9 35398 | |
| 700 | |a Colom, Antoni J., pr. I |9 35399 |e autor del pròleg | ||
| 710 | 1 | |a Barcelona (Catalunya : Província). |b Diputació |9 52408 | |
| 901 | |a Arxiu | ||
| 942 | |n 1 |2 udc | ||
| 952 | |0 0 |1 0 |4 0 |6 E1130 |7 1 |9 46881 |a Arxiu |b Arxiu |d 2016-12-01 |l 0 |o E-1-130 |p 7561 |r 2016-12-01 00:00:00 |w 2016-12-01 |y ARXIU | ||
| 999 | |c 50674 |d 50674 | ||